| 000 | 01867cam a2200421Ma 4500 | ||
|---|---|---|---|
| 999 |
_c4067 _d4067 |
||
| 001 | ocn937331084 | ||
| 003 | OCoLC | ||
| 005 | 20171027153251.0 | ||
| 008 | 050112s2006 enka b 001 0 eng d | ||
| 010 | _a 2005000835 | ||
| 020 |
_a0415333954 _q(hardback ; _qalk. paper) |
||
| 020 |
_a9780415333955 _q(hardback ; _qalk. paper) |
||
| 020 |
_a9780415459952 _q(pbk.) |
||
| 020 |
_a0415459958 _q(pbk.) |
||
| 035 | _a(OCoLC)937331084 | ||
| 040 |
_aS3O _bswe _cS3O _dOCLCO _dOCLCQ _dOCLCO _dOCLCF |
||
| 049 | _aTZAA | ||
| 050 | 0 | 0 |
_aKZ6311 _b.G53 |
| 082 | 0 | 0 |
_a345/.01 _222 |
| 084 |
_aOba:bf International Criminal Court _2kssb/7 |
||
| 100 | 1 |
_aGlasius, Marlies, _d1969- |
|
| 245 | 1 | 4 |
_aInternational Criminal Court : a global civil society achievement _ba global civil society achievement / _cMarlies Glasius. |
| 250 | _a1st ed. | ||
| 260 |
_aLondon ; _aNew York, N.Y. : _bRoutledge, _c2006. |
||
| 300 |
_axv, 158 s. : _bill. |
||
| 490 | 1 |
_aRoutledge advances in international relations and global politics, _x99-2483076-8 ; _v39 |
|
| 500 | _a"Simultaneously published in the USA and Canada." | ||
| 504 | _aIncludes bibliographical references and index. | ||
| 505 | 0 | _aA universal criminal court : the emergence of an idea -- The global civil society campaign -- The victory : the independent prosecutor -- The defeat : no universal jurisdiction -- The controversy : gender and forced pregnancy -- The missed chance : banning weapons -- A global civil society achievement. Why rejoice? | |
| 610 | 2 | 4 | _aInternational Criminal Court. |
| 650 | 0 | _aInternational criminal courts. | |
| 650 | 0 |
_aCivil society. _95388 |
|
| 650 | 7 |
_aInternationella domstolar. _2sao |
|
| 650 | 7 |
_aCivil society. _2fast _95388 |
|
| 650 | 7 |
_aInternational criminal courts. _2fast |
|
| 830 | 0 |
_aRoutledge advances in international relations and politics ; _v39. |
|
| 942 |
_2lcc _cBOOK |
||